|
|
|
|
| LEADER |
00000nam0a2200000 4500 |
| 001 |
230905 |
| 005 |
20231031202622.0 |
| 010 |
|
|
|a 5282004402
|
| 020 |
|
|
|a RU
|b 90-35688
|
| 035 |
|
|
|a (RuTPU)RU\TPU\book\251918
|
| 090 |
|
|
|a 230905
|
| 100 |
|
|
|a 20130128d1990 k y0rusy5003 ca
|
| 101 |
0 |
|
|a rus
|
| 102 |
|
|
|a RU
|
| 105 |
|
|
|a y z 000zy
|
| 200 |
1 |
|
|a Интенсификация производства и рыночные отношения
|f К. К. Чалбаев
|g под ред. А. И. Добрынина
|
| 210 |
|
|
|a Москва
|c Экономика
|d 1990
|
| 215 |
|
|
|a 287 с.
|d 21 см
|
| 606 |
1 |
|
|a Интенсификация производства
|2 stltpush
|3 (RuTPU)RU\TPU\subj\36196
|
| 610 |
1 |
|
|a СССР
|
| 610 |
1 |
|
|a производственные отношения
|
| 610 |
1 |
|
|a социализм
|
| 610 |
1 |
|
|a рынок
|
| 686 |
|
|
|a У9(2)0-70
|2 rubbk
|
| 700 |
|
1 |
|a Чалбаев
|b К. К.
|g Капарбек Касымбекович
|4 070
|
| 702 |
|
1 |
|a Добрынин
|b А. И.
|4 340
|
| 801 |
|
0 |
|a RU
|b RuMRKP
|c 19950417
|g psbo
|
| 801 |
|
1 |
|a RU
|b 63413507
|c 20130128
|
| 801 |
|
2 |
|a RU
|b 63413507
|c 20130313
|g RCR
|
| 942 |
|
|
|c BK
|